000 00538nam a2200181Ia 4500
999 _c27302
_d27302
003 OSt
005 20201218150201.0
008 190216s9999||||xx |||||||||||||| ||und||
020 _a9788171307111
040 _coclc
082 _a894.8121
_bPIL/S
100 _aPillai, K G Sankara
_97580
245 0 _aK G Sankarapillaiyute Kavithakal [1969-96] /
_c K G Sankara Pillai
260 _bD C Books,
_c1997.
_aKottayam:
300 _a245p
650 _aKavithkal
942 _cBK
_2ddc
_h894.8121
_iPIL/S
_k894.8121
_mPIL/S